50 видов оружия по описанию - Statistics

General Stats
  • This quiz has been taken 23 times
  • The average score is 28 of 50
Answer Stats
Описание Оружие % Correct
Большой пистолет для одиночной стрельбы с поворачивающимся барабаном Револьвер
100%
Основной луковый снаряд Стрела
94%
Древнее колющее орудие в виде длинного шеста с заострённым наконечником Копьё
94%
Тяжёлая бронированная боевая машина со стрелковой башней Танк
94%
Небольшое ручное метательное взрывное устройство с предохранителем подачи детонирующего вещества в корпус в виде перемычки с кольцом Граната
94%
Металлический вкладыш для кулака, усиливающий удар Кастет
89%
Традиционный японский меч самурая с центром тяжести близ эфеса Катана
89%
Большой нож, изначально изготовленный для прорубания себе дороги в джунглях Мачете
83%
Древнее механическое приспособление для метания больших камней на дальние расстояния Катапульта
83%
Применяющийся в основном по беспределу снаряд для игры в бейсбол Бита
83%
Закладываемое взрывчатое вещество с детонатором Бомба
78%
Наиболее современный на 2025 год тип вооружения в виде удалённо управляемого робота Дрон
78%
Общее название для химических веществ, тайно вводимых в организм противника Яд
78%
Увесистая булава с набалдашником, на котором концентрично размещены шипы Моргенштерн
72%
Древнейшее приспособление для ручного метания камней, состоящее из верёвки и кожуха Праща
72%
Просторечное русское название для штурмовой винтовки Автомат
72%
Небольшой метательный топорик, традиционно используемый американсими индейцами Томагавк
72%
Вид гладкоствольного огнестрельного оружия, традиционно применяющийся при охоте Ружьё
72%
Средневековое приспособление в виде твёрдого бревна, подвешенного к подвижному основанию, предназначенное для пробивания запертых ворот укреплённых форпостов Таран
72%
Взрывчатое вещество, изначально предназначенное для пробивания шахт, изобретённое Альфредом Нобелем, организатором знаменитой премии Динамит
72%
Колющее оружие, закреплявшееся на конце винтовки в начале XX века Штык
72%
Закрепившееся в мировой культуре название бутылок с зажигательной смесью Котейль Молотова
67%
Более современная бронированная боевая машина, предназначенная для доставки солдат непосредственно на поле боя БТР
67%
Изобретение древнего Китая в виде легко воспламеняющейся чёрной суспензии на основе селитры Порох
61%
Усовершенствованный лезвием топора длинный шест с заострённым наконечником Алебарда
61%
Химическое оружие времён Первой мировой в виде газа, вызывавшего сильнейший отёк лёгких при вдыхании Иприт
61%
Просторечное название пулемёта системы Гатлинга с дульной центрифугой Миниган
61%
Прижившееся в обиходе американское название для ракетомёта Базука
61%
Тактильное приспособление взрывного действия Мина
56%
Вид крупного вооружения, состоящий из больших дальнобойных пушек Артиллерия
50%
Вид оружия массового поражения, разрабатывавшийся в советское время Андреем Сахаровым Водородная бомба
50%
Средневековый боевой нож Кинжал
50%
Вид персонального ручного вооружения термического действия Огнемёт
50%
Кустарный однозарядный пистолет Самопал
44%
Средневековый тяжёлый боевой обоюдоострый двуручный топор Секира
44%
Снаряд, начинённый мелкими металлическими шариками Шрапнель
39%
Сокращённое название подвесного на конец дула штурмовой винтовки дополнительного вооружения, стреляющего небольшими разрывными снарядами Подствольник
39%
Ныне не существующий фантастический вид оружия, стреляющего энергетическими зарядами Бластер
33%
Известная американская противотанковая управляемая ракета Джавелин
33%
Химическое средство нелетального устранения противника, обычно наносящееся на кусок ткани с последующим тихим нападением из-за спины и перекрытием им лицевых дыхательных путей Хлороформ
33%
Традиционный искривлённый арабский меч Ятаган
28%
Примитивное аэродинамическое приспособление для охоты на птиц в виде изогнутой особым образом продолговатой доски Бумеранг
28%
Запрещённый к применению Женевской конвенцией вид боеприпасов, при взрыве разрываемый на более мелкие взрывающиеся частицы Кассетная бомба
22%
Широко применявшиеся армией нацистской Германии небольшие однозарядные ракеты малой дальности Фаустпатрон
22%
Прочный кожаный шнур, предназначенный специально для бесшумного удушения жертвы сзади Гаррота
17%
Бесцветный газ, применявшийся американской армией во время войны во Вьетнаме, вызывавший сильнейшие повреждения организма даже на генетическом уровне Агент Оранж
17%
Просторечное название газа, применяющегося в основном сотрудниками силовых ведомств в частном порядке в качестве средства личной самообороны Черёмуха
11%
Широко применяемое в фэнтези-произведениях название для полуторного меча Бастард
11%
Распылённый в середине-конце 90-х годов XX века в Токийском метро тоталитарной сектой удушающий газ Зарин
6%
Официальное название выкидного ножа-бабочки Балисонг
6%
No matching quizzes found
Score Distribution
Percent of People with Each Score
Percentile by Number Answered
Your Score History
You have not taken this quiz